• 首页
  • 本馆介绍
  • 公告通知
  • 最新文献
  • 馆藏检索
  • 电子资源
  • 读者导购
  • 参考咨询
  • 我的图书馆
  • 登录
  • 详细信息显示
  • 放入我的书架
  • 预约/预借图书
  • 作者相关作品
  • 分类相关作品
  • 丛书相关作品
  • 出版社相关作品

书目信息

  • 表格格式
  • 工作单格式
  • 卡片格式
题名:
资深战略专家教你搞定企业转型
    
 
作者: 吴越舟 著
分册:  
出版信息: 北京   中国经济出版社  2017
页数: 261页
开本: 24cm
丛书名:
单 册:
中图分类: F272.1
科图分类:
主题词: 企业发展战略--研究
电子资源:
ISBN: 978-7-5136-4188-3
000 00829nam0 2200241 45
001 012001012144
005 20141123175610.0
010    @a978-7-5136-4188-3@dCNY48.00
100    @a20160606d2016 em y0chiy50 ea
101 0  @achi
102    @aCN@b110000
105    @ay z 000yy
106    @ar
200 1  @a资深战略专家教你搞定企业转型@9zi shen zhan lue zhuan jia jiao ni gao ding qi ye zhuan xing@f吴越舟著
210    @a北京@c中国经济出版社@d2017
215    @a261页@d24cm
300    @a互联网时代企业转型的必备手册
330    @a本书作者以亲身接触的十几家企业为案例,对它们的转型历程进行了综合梳理,重点总结了它们如何实现经营模式的升级与组织模式的转型。
606 0  @a企业发展战略@x研究
690    @aF272.1@v5
701  0 @a吴越舟@9wu yue zhou@4著
801  0 @aCN@b上海新华@c20191020
905    @b1178623-5@dF272.1@e1680@f3
    
    资深战略专家教你搞定企业转型/吴越舟著.-北京:中国经济出版社,2017
    261页;24cm
    互联网时代企业转型的必备手册
    
    ISBN 978-7-5136-4188-3:CNY48.00
    本书作者以亲身接触的十几家企业为案例,对它们的转型历程进行了综合梳理,重点总结了它们如何实现经营模式的升级与组织模式的转型。
●
相关链接 在E读中查询图书 在五车中查询图书 在当当中查询图书 在豆瓣中查询图书


正题名:资深战略专家教你搞定企业转型     索取号:F272.1/1680         预约/预借

序号 登录号 条形码 馆藏地/架位号 状态 备注
1 1178623   211786236   第一样本阅览室/ [索取号:F272.1/1680] 在馆    
2 1178624   211786245   第一借阅区/ [索取号:F272.1/1680] 在馆    
3 1178625   211786254   第一借阅区/ [索取号:F272.1/1680] 在馆    
唐山师范学院图书馆 欢迎您!
大连网信软件有限公司© 版权所有